000 01820nam a2200457 c 4500
999 _c149797
_d149797
003 BLK
005 20231122171404.0
008 180410b bul|||||r ||||||| ||bul||
010 _aKNG00156102000
020 _a978-954-378-084-6
040 _aBLK
041 _aBUL
_cBUL
072 7 _2bullib
_aН32
_xПолитика Н
080 _aНационални малцинства. Оптанти
_b323.15
_x(497.2)(091)
_z323.15(497.2)(091)
080 _aИслям. Мохамеданство. Сунити. Шиити. Вж и 141.33 Суфизъм ; 298 Бахайска вяра
_b297
_x(497.2)(091)
_z297(497.2)(091)
100 1 _aКулов, Георги
_eпърви автор
_9330669
139 _aКулов, Георги
_bК 93
245 1 0 _aБългарската дъга на исляма
_cГеорги Кулов.
257 _aBGR
260 _bТангра ТанНакРа
_c2011
_fКостинброд : Мултипринт
300 _a223 с.
_bс ил., портр.
_c23 см
380 _a3
490 1 _aПоредица Дружба Родина
_v3
500 _aБиблиогр. с. 220-221.
650 4 _aБългаромохамедани - история
_9272405
650 4 _aИслям - България - история
_9283932
650 4 _aМорал, религиозен
_9242678
651 4 _aБългария
_9241624
653 _aетнически общности
653 _aбългаромохамедани
653 _aислям
653 _aтолерантност
659 _aН
852 _aЦб 263159
856 4 _qpdf
856 4 _qpdf
942 _cKNG
_n0
_02
944 _aCR
_c28.01.2014
_lМинев Младен
_k30530
944 _aED
_c14.02.2017
_lф /
_kВиолета_Тройчева
999 _d149797